|
|
|
|
| LEADER |
00000nam0a2200000 4500 |
| 001 |
213051 |
| 005 |
20231101225809.0 |
| 010 |
|
|
|a 0194230848
|
| 035 |
|
|
|a (RuTPU)RU\TPU\book\232807
|
| 090 |
|
|
|a 213051
|
| 100 |
|
|
|a 20120405d2001 m y0engy50 ba
|
| 101 |
0 |
|
|a eng
|
| 102 |
|
|
|a GB
|
| 105 |
|
|
|a a z 001ay
|
| 200 |
1 |
|
|a Dublin People. Short stories
|e strage 6 (2500 headwords)
|f M. Binchy
|g retold by J. Bassett
|
| 210 |
|
|
|a Oxford
|c Oxford University Press
|d 2001
|
| 215 |
|
|
|a 119 p.
|c il.
|
| 225 |
1 |
|
|a Oxford Bookworms Library
|
| 225 |
1 |
|
|a Human Interest
|
| 320 |
|
|
|a Glossary: p. 101-103.
|
| 330 |
|
|
|a A young country girl comes to live and work in Dublin. Jo is determined to be modern and independent, and to have a wonderful time. But life in a big city is full of strange surprises for a shy country girl . . . Gerry Moore is a man with a problem - alcohol. He knows he must give it up, and his family and friends watch nervously as he battles against it. But drink is a hard enemy to fight . . . These stories by the Irish writer Maeve Binchy are full of affectionate humour and wit, and sometimes a little sadness
|
| 606 |
1 |
|
|a Английский язык
|x Учебные руководства и пособия
|x Хрестоматии, книги для чтения
|2 stltpush
|3 (RuTPU)RU\TPU\subj\29075
|9 52487
|
| 610 |
1 |
|
|a ирландская литература
|
| 610 |
1 |
|
|a романы
|
| 610 |
1 |
|
|a любовь
|
| 686 |
|
|
|a Ш143.21-923.8
|v LBC/SL-A
|2 rubbk
|
| 700 |
|
1 |
|a Binchy
|b M.
|g Maeve
|
| 702 |
|
1 |
|a Bassett
|b J.
|g Jennifer
|4 220
|
| 801 |
|
1 |
|a RU
|b 63413507
|c 20120405
|
| 801 |
|
2 |
|a RU
|b 63413507
|c 20140213
|g RCR
|
| 942 |
|
|
|c BK
|